000 00678nam a22002177a 4500
003 UA-OsUOA
001 87501
007 ta
008 20120919b un ||||| |||| 00| 0 ukr d
100 _aСюта Г.М.
090 _a81
_bС98
942 _cSA
040 _aUA-OsUOA
_bukr
_cUA-OsUOA
_dUA-OsUOA
245 _aФоностилістична норма в українській поетичній мові другої половини ХХ століття
300 _aС.80-88
955 _a0
041 _aukr
080 _a81
773 0 _w87500
650 7 _a8 Мовознавство. Художня література. Літературознавство
_2UDC
999 _c373832
_d373832